| 000 | 00746nam a2200229 a 4500 | ||
|---|---|---|---|
| 001 | BRCA_535 | ||
| 005 | 20190320203043.0 | ||
| 008 | 860703s1985 sz-a---##b---#000-0#fre-# | ||
| 020 | _a260500063X | ||
| 040 |
_aDLC _cDLC _dDLC |
||
| 050 | 4 |
_aNK4305.5.S9 _b.H68 1985 |
|
| 100 | 1 |
_aHouriet, Marc-Otto _91850 |
|
| 245 | 1 | 0 |
_aLes faïenciers de Carouge _cMarc-Otto Houriet et Jean-Marc Houriet ; préface de Jean M. Marquis. |
| 260 |
_aGinebra _bSkira _c1985 |
||
| 300 |
_a271 p. _bil. (algunas a color) _c33 cm. |
||
| 504 | _aBibliografía: p. 270 | ||
| 650 | 1 | 4 |
_aAlfarería de Faenza _zCarouge (Suiza) _91851 |
| 650 | 1 | 4 |
_aCeramistas _zCarouge (Suiza) _91852 |
| 700 | 1 |
_aHouriet, Jean-Marc _91853 |
|
| 700 | 1 |
_aMarquis, Jean M _91854 |
|
| 942 |
_2lcc _cB |
||
| 999 |
_c467 _d467 |
||